[Event "Giraldilla de La Habana op"]
[Site "Havana"]
[Date "2018.07.29"]
[Round "4"]
[White "Gonzalez Hernandez, Humberto"]
[Black "Fontanills Valledor, Manuel Feli"]
[Result "0-1"]
[WhiteElo "1864"]
[BlackElo "2029"]
[PlyCount "34"]
[EventDate "2018.07.28"]
[EventType "swiss"]
[EventRounds "9"]
[EventCountry "CUB"]
[SourceTitle "EXT 2021"]
[Source "ChessBase"]
[SourceDate "2020.10.23"]
[SourceVersion "1"]
[SourceVersionDate "2020.10.23"]
[SourceQuality "1"]

1. d4 d5 2. Nf3 e6 3. e3 a6 4. Bd3 Nf6 5. Nbd2 Nc6 6. 0-0 Nb4 7. Be2 c5 8. c3 Nc6 9. Bd3 Bd6 10. dxc5 Bxc5 11. e4 0-0 12. Qe2 Qc7 13. e5 Ng4 14. Bxh7+ Kh8 15. Ng5 Ncxe5 16. h3 Nxf2 17. Rxf2 g6 0-1

[Event "Giraldilla de La Habana op"]
[Site "Havana"]
[Date "2018.07.28"]
[Round "2"]
[White "Novo Castellon, Jonathan"]
[Black "Fontanills Valledor, Manuel Feli"]
[Result "0-1"]
[WhiteElo "1773"]
[BlackElo "2029"]
[PlyCount "50"]
[EventDate "2018.07.28"]
[EventType "swiss"]
[EventRounds "9"]
[EventCountry "CUB"]
[SourceTitle "EXT 2021"]
[Source "ChessBase"]
[SourceDate "2020.10.23"]
[SourceVersion "1"]
[SourceVersionDate "2020.10.23"]
[SourceQuality "1"]

1. e4 e5 2. Nf3 Nc6 3. d4 Qe7 4. Nc3 exd4 5. Nxd4 Nf6 6. Nxc6 bxc6 7. Bd3 g6 8. Bg5 h6 9. Bf4 d6 10. h3 Bg7 11. Qe2 0-0 12. 0-0 Kh7 13. Rfe1 Rb8 14. Rab1 Nh5 15. Bd2 Be5 16. Qe3 Bf4 17. Qe2 Qg5 18. Bxf4 Nxf4 19. Qf3 Bxh3 20. Bf1 Be6 21. g3 Nh5 22. b3 Bg4 23. Qe3 Qxe3 24. Rxe3 Rfe8 25. f3 Bd7 0-1